Взаимодействие дефектов кристаллической решетки и свойства металлов и сплавов: сборник научных трудов

Detalles Bibliográficos
Autor Corporativo: Тульский политехнический институт (ТулПИ)
Outros autores: Головин С. А. Станислав Алексеевич (редактор)
Idioma:ruso
Publicado: Тула, ТПИ, 1983
Subjects:
Formato: MixedMaterials Libro
KOHA link:https://koha.lib.tpu.ru/cgi-bin/koha/opac-detail.pl?biblionumber=113916

MARC

LEADER 00000nam0a2200000 4500
001 113916
005 20231031122040.0
020 |a RU  |b 83-24924 
035 |a (RuTPU)RU\TPU\book\123187 
090 |a 113916 
100 |a 20070417d1983 m a0rusy5003 ca 
101 0 |a rus 
102 |a RU 
105 |a a z 001zy 
200 1 |a Взаимодействие дефектов кристаллической решетки и свойства металлов и сплавов  |e сборник научных трудов  |f Тульский политехнический институт (ТулПИ) ; под ред. С. А. Головина 
210 |a Тула  |c ТПИ  |d 1983 
215 |a 165 с.  |c ил. 
610 1 |a кристаллы 
610 1 |a дефекты 
610 1 |a сборники 
610 1 |a металлы 
610 1 |a физика 
610 1 |a сплавы 
675 |a 669:[548  |v 3 
675 |a 53  |v 3 
702 1 |a Головин  |b С. А.  |g Станислав Алексеевич  |4 340 
712 0 2 |a Тульский политехнический институт (ТулПИ)  |2 stltpush  |3 (RuTPU)RU\TPU\col\284 
801 0 |a RU  |b RuMRKP  |c 19950704  |g psbo 
801 1 |a RU  |b 63413507  |c 20070417  |g PSBO 
801 2 |a RU  |b 63413507  |c 20160921  |g PSBO 
942 |c BK